El Oriente Próximo en la Antiguedad (c. 3000-330 a.C.) / (Record no. 18608)

MARC details
000 -LEADER
campo de control de longitud fija 00936nam a2200265 i 4500
001 - NÚMERO DE CONTROL
campo de control 18608
003 - IDENTIFICADOR DE NÚMERO DE CONTROL
campo de control ES-MaACL
005 - FECHA Y HORA DE LA ÚLTIMA TRANSACCIÓN
campo de control 20250815032757.0
007 - CAMPO FIJO DE DESCRIPCIÓN FÍSICA--INFORMACIÓN GENERAL
campo de control de longitud fija t|
008 - DATOS DE LONGITUD FIJA--INFORMACIÓN GENERAL
campo de control de longitud fija 011031m20002001sp ||||0| spa j
020 ## - NÚMERO INTERNACIONAL ESTÁNDAR DEL LIBRO
Número Internacional Estándar del Libro 84-8432-050-2
040 ## - FUENTE DE CATALOGACIÓN
Centro catalogador/agencia de origen M-BN
Lengua de catalogación spa
Centro/agencia transcriptor M-BN
080 ## - NÚMERO DE LA CLASIFICACIÓN DECIMAL UNIVERSAL
Número de la Clasificación Decimal Universal 95-011".../0622"
100 1# - ENTRADA PRINCIPAL--NOMBRE DE PERSONA
Nombre de persona Kuhrt, Amélie.
9 (RLIN) 68998
245 13 - MENCIÓN DEL TÍTULO
Título El Oriente Próximo en la Antiguedad (c. 3000-330 a.C.) /
Mención de responsabilidad, etc. Amélie Kuhrt ; traducción castellana de Teófilo de Lozoya.
260 ## - PUBLICACIÓN, DISTRIBUCIÓN, ETC.
Lugar de publicación, distribución, etc. Barcelona :
Nombre del editor, distribuidor, etc. Crítica,
Fecha de publicación, distribución, etc. 2000-2001.
300 ## - DESCRIPCIÓN FÍSICA
Extensión 2 v ;
Dimensiones 23 cm.
490 1# - MENCIÓN DE SERIE
Mención de serie Crítica/arqueología. Serie Historia de las civilizaciones clásicas
651 #4 - PUNTO DE ACCESO ADICIONAL DE MATERIA--NOMBRE GEOGRÁFICO
Nombre geográfico Oriente medio-
Subdivisión general Historia-
Subdivisión cronológica Hasta 622.
9 (RLIN) 9134
700 1# - ENTRADA AGREGADA--NOMBRE PERSONAL
Nombre de persona Lozoya, Teófilo de.
9 (RLIN) 74479
830 00 - PUNTO DE ACCESO ADICIONAL DE SERIE-TÍTULO UNIFORME
Título uniforme Crítica/arqueología.
Nombre de parte o sección de la obra Historia de las civilizaciones clásicas
9 (RLIN) 228819
852 ## - LOCALIZACIÓN
Ubicación ES-MaACL
Número de control de estantería L-25171-2
Sublocalización o colección R.130467
Holdings
Estatus retirado Estado de pérdida Estado de daño No para préstamo Biblioteca de origen Biblioteca actual Ubicación en estantería Fecha de adquisición Fuente de adquisición Total de préstamos Signatura topográfica completa Código de barras Visto por última vez Precio de reemplazo Tipo de ítem Koha
        Biblioteca del Ateneo de Madrid Biblioteca del Ateneo de Madrid Depósito 2 17/01/2008     L-25171-2 1019042 23/02/2023 23/02/2023 Libro impreso